Business Succession as an Alternative to Start-Up

Prehľad o súčasných modeloch obchodných postupov na svete. Výzvy v podnikovej postupnosti a modely, ktoré pomáhajú spoločnostiam prežiť generačnú výmenu.

Salvato in:
Dettagli Bibliografici
Autore principale: Novysedlák, Martin, 1991-
Altri autori: Dorčáková, Ingrid, 1978-
Natura: Capitolo di libro
Lingua:inglese
Soggetti:
Tags: Aggiungi Tag
Nessun Tag, puoi essere il primo ad aggiungerne!!

MARC

LEADER 00000naa$a2200000$$$4500
001 0249915
005 20240502074012.2
041 0 |a eng 
044 |a SK 
245 1 0 |a Business Succession as an Alternative to Start-Up  |c Martin Novysedlák, Ingrid Dorčáková 
520 |a Prehľad o súčasných modeloch obchodných postupov na svete. Výzvy v podnikovej postupnosti a modely, ktoré pomáhajú spoločnostiam prežiť generačnú výmenu. 
610 2 0 |a start-up 
610 2 0 |a podnik 
610 2 0 |a podnikatelia 
610 2 0 |a modely plánovania 
610 2 0 |a modely podnikateľské 
610 2 0 |a podnik malý 
610 2 0 |a podnik stredný 
610 2 0 |a akvizícia 
100 1 |a Novysedlák, Martin, 1991- 
700 1 |a Dorčáková, Ingrid, 1978-